Présentateurs(-trices) d'émissions - Arte - Statistiques

Statistiques générales
  • Ce quiz a été pris 4 fois
  • Le résultat moyen est 3 sur 31
Statistiques - réponses
Hint Réponse % Correct
28 minutes Élisabeth Quin
67%
Invitation au voyage Linda Lorin
67%
L'Assiette brésilienne Bel Coelho
33%
Le Dessous des cartes Émilie Aubry
33%
Giordano Hebdo Isabelle Giordano
33%
27 Nora Hamadi
33%
Faire l'histoire Patrick Boucheron
33%
Le Tour de France culinaire de Sarah Wiener Sarah Wiener
33%
Arte Reportage Andrea Fies
0%
Yourope Andreas Korn
0%
Arte Culture Annette Gerlach
0%
Le Blogueur Anthony Bellanger
0%
Zoom Europa Bruno Duvic
0%
Global Mag Émilie Aubry
0%
Chic Isabelle Giordano
0%
Permis de penser Laure Adler
0%
Blow Up Luc Lagier
0%
One Shot Not Manu Katché
0%
Histoire parallèle Marc Ferro
0%
Arte Journal Marie Labory
0%
Vox Pop Nora Hamadi
0%
Enquêtes archéologiques Peter Eeckhout
0%
Enquête d'ailleurs Philippe Charlier
0%
Xenius Pierre Girard
0%
Philosophie Raphaël Enthoven
0%
Paysages d'ici et d'ailleurs Raphaël Hitier
0%
Metropolis Rebecca Manzoni
0%
360° Geo Sandrine Mörch
0%
Le Dessous des images Sonia Devillers
0%
Dans tes yeux Sophie Massieu
0%
Square Vincent Josse
0%
Aucun quiz correspondant
Distribution des résultats
% des personnes avec chaque résultat
Percentile par nombre de réponses
Votre historique - résultats
Vous n’avez pas pris ce quiz